The future for leisure property in the UK (Record no. 65746)

MARC details
000 -LEADER
fixed length control field 01421cam a2200217 4500
001 - CONTROL NUMBER
control field ABS63282
008 - FIXED-LENGTH DATA ELEMENTS--GENERAL INFORMATION
fixed length control field 000000n2000 000 0 eng u
035 ## - SYSTEM CONTROL NUMBER
System control number (Sirsi) u110252
100 ## - MAIN ENTRY--PERSONAL NAME
Personal name Morley, S
245 #4 - TITLE STATEMENT
Title The future for leisure property in the UK
260 ## - PUBLICATION, DISTRIBUTION, ETC.
Date of publication, distribution, etc. 2000
490 ## - SERIES STATEMENT
Series statement Journal of Leisure Property
Volume/sequential designation 1(1) December 2000, 18-26(9)
520 ## - SUMMARY, ETC.
Summary, etc. Examines the state of the leisure property industry, showing how it has changed in people's perception from a rather minor, specialist industry and somewhat ignored to a distinct but varied mainstream property sector in its own right. In the 1990s the sector experienced a strong expenditure growth and there is major representation by multiple occupiers in each sub-sector willing to take on long traditional institutional-type leases. This has stimulated institutional investment and helped cause a development boom - in town centres to service eating and drinking and in out of centre multi-use leisure parks. Considers briefly the main drivers for change and the implications for the property market. This paper is an edited version of a document produced for the RICS Research Foundation and published as part of "2020: Visions of the Future". References.
590 ## - LOCAL NOTE (RLIN)
Local note ABS
650 ## - SUBJECT ADDED ENTRY--TOPICAL TERM
Topical term or geographic name entry element LEISURE DEVELOPMENT
650 ## - SUBJECT ADDED ENTRY--TOPICAL TERM
Topical term or geographic name entry element LEISURE INVESTMENT
650 ## - SUBJECT ADDED ENTRY--TOPICAL TERM
Topical term or geographic name entry element LEISURE MARKET
690 ## - LOCAL SUBJECT ADDED ENTRY--TOPICAL TERM (OCLC, RLIN)
Topical term or geographic name as entry element LEISURE AND RECREATION
700 ## - ADDED ENTRY--PERSONAL NAME
Personal name Evans, C
942 ## - ADDED ENTRY ELEMENTS (KOHA)
Suppress in OPAC 0
Holdings
Withdrawn status Lost status Source of classification or shelving scheme Damaged status Not for loan Home library Current library Shelving location Date acquired Total Checkouts Full call number Barcode Date last seen Copy number Price effective from Koha item type
    Dewey Decimal Classification     London London Journal article 09/01/2001   ABS63282 110252-1001 06/08/2019 1 06/08/2019 Journal article